<?xml version="1.0" encoding="UTF-8"?>
<record
    xmlns:xsi="http://www.w3.org/2001/XMLSchema-instance"
    xsi:schemaLocation="http://www.loc.gov/MARC21/slim http://www.loc.gov/standards/marcxml/schema/MARC21slim.xsd"
    xmlns="http://www.loc.gov/MARC21/slim">

  <leader>01082nam a22002057a 4500</leader>
  <datafield tag="999" ind1=" " ind2=" ">
    <subfield code="c">62049</subfield>
    <subfield code="d">62049</subfield>
  </datafield>
  <controlfield tag="003">Ge_BSU</controlfield>
  <controlfield tag="005">20240627114931.0</controlfield>
  <controlfield tag="008">240627s1974    ge ||||| |||| 00| 0 geo d</controlfield>
  <datafield tag="041" ind1=" " ind2=" ">
    <subfield code="a">geo</subfield>
  </datafield>
  <datafield tag="080" ind1=" " ind2=" ">
    <subfield code="a">616(075.8) +615.825(075.8) &#x10E9;-69</subfield>
  </datafield>
  <datafield tag="100" ind1=" " ind2=" ">
    <subfield code="a">&#x10E9;&#x10D8;&#x10E5;&#x10DD;&#x10D5;&#x10D0;&#x10DC;&#x10D8;, &#x10DA;.</subfield>
    <subfield code="9">22612</subfield>
  </datafield>
  <datafield tag="245" ind1=" " ind2=" ">
    <subfield code="a">&#x10D6;&#x10DD;&#x10D2;&#x10D0;&#x10D3;&#x10D8; &#x10DE;&#x10D0;&#x10D7;&#x10DD;&#x10DA;&#x10DD;&#x10D2;&#x10D8;&#x10D0; &#x10D3;&#x10D0; &#x10E1;&#x10D0;&#x10DB;&#x10D9;&#x10E3;&#x10E0;&#x10DC;&#x10D0;&#x10DA;&#x10DD; &#x10E4;&#x10D8;&#x10D6;&#x10D8;&#x10D9;&#x10E3;&#x10E0;&#x10D8; &#x10D9;&#x10E3;&#x10DA;&#x10E2;&#x10E3;&#x10E0;&#x10D0; : </subfield>
    <subfield code="b">&#x10D3;&#x10D0;&#x10DB;&#x10EE;&#x10DB;. &#x10E1;&#x10D0;&#x10EE;&#x10D4;&#x10DA;&#x10DB;&#x10EB;&#x10E6;&#x10D5;. &#x10E4;&#x10D8;&#x10D6;&#x10D9;&#x10E3;&#x10DA;&#x10E2;&#x10E3;&#x10E0;&#x10D8;&#x10E1; &#x10D8;&#x10DC;-&#x10E2;&#x10D8;&#x10E1; &#x10E1;&#x10E2;&#x10E3;&#x10D3;&#x10D4;&#x10DC;&#x10E2;&#x10D4;&#x10D1;&#x10D8;&#x10E1;&#x10D0;&#x10D7;&#x10D5;&#x10D8;&#x10E1; /</subfield>
    <subfield code="c">&#x10DA;. &#x10E9;&#x10D8;&#x10E5;&#x10DD;&#x10D5;&#x10D0;&#x10DC;&#x10D8;; &#x10E0;&#x10D4;&#x10D3;. &#x10DC;. &#x10DB;&#x10D8;&#x10E5;&#x10D0;&#x10EB;&#x10D4;.</subfield>
  </datafield>
  <datafield tag="264" ind1=" " ind2=" ">
    <subfield code="a">&#x10D7;&#x10D1;&#x10D8;&#x10DA;&#x10D8;&#x10E1;&#x10D8; : </subfield>
    <subfield code="b">&#x10D2;&#x10D0;&#x10DC;&#x10D0;&#x10D7;&#x10DA;&#x10D4;&#x10D1;&#x10D0;, </subfield>
    <subfield code="c">1974.</subfield>
  </datafield>
  <datafield tag="300" ind1=" " ind2=" ">
    <subfield code="a">63 &#x10D2;&#x10D5;. ; </subfield>
    <subfield code="b">21 &#x10E1;&#x10DB;.</subfield>
  </datafield>
  <datafield tag="653" ind1=" " ind2=" ">
    <subfield code="a">&#x10D6;&#x10DD;&#x10D2;&#x10D0;&#x10D3;&#x10D8; &#x10DE;&#x10D0;&#x10D7;&#x10DD;&#x10DA;&#x10DD;&#x10D2;&#x10D8;&#x10D0;</subfield>
  </datafield>
  <datafield tag="653" ind1=" " ind2=" ">
    <subfield code="a">&#x10E1;&#x10D0;&#x10DB;&#x10D9;&#x10E3;&#x10E0;&#x10DC;&#x10D0;&#x10DA;&#x10DD; &#x10E4;&#x10D8;&#x10D6;&#x10D8;&#x10D9;&#x10E3;&#x10E0;&#x10D8; &#x10D9;&#x10E3;&#x10DA;&#x10E2;&#x10E3;&#x10E0;&#x10D0;</subfield>
  </datafield>
  <datafield tag="653" ind1=" " ind2=" ">
    <subfield code="a">&#x10DB;&#x10D4;&#x10D3;&#x10D8;&#x10EA;&#x10D8;&#x10DC;&#x10D0;</subfield>
  </datafield>
  <datafield tag="700" ind1=" " ind2=" ">
    <subfield code="a">&#x10DB;&#x10D8;&#x10E5;&#x10D0;&#x10EB;&#x10D4;, &#x10DC;. </subfield>
    <subfield code="e">&#x10E0;&#x10D4;&#x10D3;&#x10D0;&#x10E5;&#x10E2;&#x10DD;&#x10E0;&#x10D8;</subfield>
    <subfield code="9">10262</subfield>
  </datafield>
  <datafield tag="942" ind1=" " ind2=" ">
    <subfield code="2">udc</subfield>
    <subfield code="c">&#x1CAC;&#x1C98;&#x1C92;&#x1C9C;&#x1C98;</subfield>
  </datafield>
  <datafield tag="952" ind1=" " ind2=" ">
    <subfield code="0">0</subfield>
    <subfield code="1">0</subfield>
    <subfield code="2">udc</subfield>
    <subfield code="4">0</subfield>
    <subfield code="6">6160758_6158250758_&#x10E9;69</subfield>
    <subfield code="7">0</subfield>
    <subfield code="9">99424</subfield>
    <subfield code="a">CPL</subfield>
    <subfield code="b">CPL</subfield>
    <subfield code="c">GEN</subfield>
    <subfield code="d">2024-06-27</subfield>
    <subfield code="g">0.28</subfield>
    <subfield code="o">616(075.8) +615.825(075.8) &#x10E9;-69</subfield>
    <subfield code="p">68371</subfield>
    <subfield code="r">2024-06-27</subfield>
    <subfield code="t">68371</subfield>
    <subfield code="w">2024-06-27</subfield>
    <subfield code="y">&#x1CAC;&#x1C98;&#x1C92;&#x1C9C;&#x1C98;</subfield>
    <subfield code="z">0.28 &#x10D7;.</subfield>
  </datafield>
  <datafield tag="952" ind1=" " ind2=" ">
    <subfield code="0">0</subfield>
    <subfield code="1">0</subfield>
    <subfield code="2">udc</subfield>
    <subfield code="4">0</subfield>
    <subfield code="6">6160758_6158250758_&#x10E9;69</subfield>
    <subfield code="7">0</subfield>
    <subfield code="9">99425</subfield>
    <subfield code="a">CPL</subfield>
    <subfield code="b">CPL</subfield>
    <subfield code="c">GEN</subfield>
    <subfield code="d">2024-06-27</subfield>
    <subfield code="g">0.28</subfield>
    <subfield code="o">616(075.8) +615.825(075.8) &#x10E9;-69</subfield>
    <subfield code="p">68372</subfield>
    <subfield code="r">2024-06-27</subfield>
    <subfield code="t">68372</subfield>
    <subfield code="w">2024-06-27</subfield>
    <subfield code="y">&#x1CAC;&#x1C98;&#x1C92;&#x1C9C;&#x1C98;</subfield>
    <subfield code="z">0.28 &#x10D7;.</subfield>
  </datafield>
  <datafield tag="952" ind1=" " ind2=" ">
    <subfield code="0">0</subfield>
    <subfield code="1">0</subfield>
    <subfield code="2">udc</subfield>
    <subfield code="4">0</subfield>
    <subfield code="6">6160758_6158250758_&#x10E9;69</subfield>
    <subfield code="7">0</subfield>
    <subfield code="9">99426</subfield>
    <subfield code="a">CPL</subfield>
    <subfield code="b">CPL</subfield>
    <subfield code="c">GEN</subfield>
    <subfield code="d">2024-06-27</subfield>
    <subfield code="g">0.28</subfield>
    <subfield code="o">616(075.8) +615.825(075.8) &#x10E9;-69</subfield>
    <subfield code="p">68373</subfield>
    <subfield code="r">2024-06-27</subfield>
    <subfield code="t">68373</subfield>
    <subfield code="w">2024-06-27</subfield>
    <subfield code="y">&#x1CAC;&#x1C98;&#x1C92;&#x1C9C;&#x1C98;</subfield>
    <subfield code="z">0.28 &#x10D7;.</subfield>
  </datafield>
  <datafield tag="952" ind1=" " ind2=" ">
    <subfield code="0">0</subfield>
    <subfield code="1">0</subfield>
    <subfield code="2">udc</subfield>
    <subfield code="4">0</subfield>
    <subfield code="6">6160758_6158250758_&#x10E9;69</subfield>
    <subfield code="7">0</subfield>
    <subfield code="9">99427</subfield>
    <subfield code="a">CPL</subfield>
    <subfield code="b">CPL</subfield>
    <subfield code="c">GEN</subfield>
    <subfield code="d">2024-06-27</subfield>
    <subfield code="g">0.28</subfield>
    <subfield code="o">616(075.8) +615.825(075.8) &#x10E9;-69</subfield>
    <subfield code="p">68374</subfield>
    <subfield code="r">2024-06-27</subfield>
    <subfield code="t">68374</subfield>
    <subfield code="w">2024-06-27</subfield>
    <subfield code="y">&#x1CAC;&#x1C98;&#x1C92;&#x1C9C;&#x1C98;</subfield>
    <subfield code="z">0.28 &#x10D7;.</subfield>
  </datafield>
  <datafield tag="952" ind1=" " ind2=" ">
    <subfield code="0">0</subfield>
    <subfield code="1">0</subfield>
    <subfield code="2">udc</subfield>
    <subfield code="4">0</subfield>
    <subfield code="6">6160758_6158250758_&#x10E9;69</subfield>
    <subfield code="7">0</subfield>
    <subfield code="9">99428</subfield>
    <subfield code="a">CPL</subfield>
    <subfield code="b">CPL</subfield>
    <subfield code="c">GEN</subfield>
    <subfield code="d">2024-06-27</subfield>
    <subfield code="g">0.28</subfield>
    <subfield code="o">616(075.8) +615.825(075.8) &#x10E9;-69</subfield>
    <subfield code="p">68375</subfield>
    <subfield code="r">2024-06-27</subfield>
    <subfield code="t">68375</subfield>
    <subfield code="w">2024-06-27</subfield>
    <subfield code="y">&#x1CAC;&#x1C98;&#x1C92;&#x1C9C;&#x1C98;</subfield>
    <subfield code="z">0.28 &#x10D7;.</subfield>
  </datafield>
  <datafield tag="952" ind1=" " ind2=" ">
    <subfield code="0">0</subfield>
    <subfield code="1">0</subfield>
    <subfield code="2">udc</subfield>
    <subfield code="4">0</subfield>
    <subfield code="6">6160758_6158250758_&#x10E9;69</subfield>
    <subfield code="7">0</subfield>
    <subfield code="9">99429</subfield>
    <subfield code="a">CPL</subfield>
    <subfield code="b">CPL</subfield>
    <subfield code="c">GEN</subfield>
    <subfield code="d">2024-06-27</subfield>
    <subfield code="g">0.28</subfield>
    <subfield code="o">616(075.8) +615.825(075.8) &#x10E9;-69</subfield>
    <subfield code="p">68376</subfield>
    <subfield code="r">2024-06-27</subfield>
    <subfield code="t">68376</subfield>
    <subfield code="w">2024-06-27</subfield>
    <subfield code="y">&#x1CAC;&#x1C98;&#x1C92;&#x1C9C;&#x1C98;</subfield>
    <subfield code="z">0.28 &#x10D7;.</subfield>
  </datafield>
  <datafield tag="952" ind1=" " ind2=" ">
    <subfield code="0">0</subfield>
    <subfield code="1">0</subfield>
    <subfield code="2">udc</subfield>
    <subfield code="4">0</subfield>
    <subfield code="6">6160758_6158250758_&#x10E9;69</subfield>
    <subfield code="7">0</subfield>
    <subfield code="9">99430</subfield>
    <subfield code="a">CPL</subfield>
    <subfield code="b">CPL</subfield>
    <subfield code="c">GEN</subfield>
    <subfield code="d">2024-06-27</subfield>
    <subfield code="g">0.28</subfield>
    <subfield code="o">616(075.8) +615.825(075.8) &#x10E9;-69</subfield>
    <subfield code="p">68377</subfield>
    <subfield code="r">2024-06-27</subfield>
    <subfield code="t">68377</subfield>
    <subfield code="w">2024-06-27</subfield>
    <subfield code="y">&#x1CAC;&#x1C98;&#x1C92;&#x1C9C;&#x1C98;</subfield>
    <subfield code="z">0.28 &#x10D7;.</subfield>
  </datafield>
  <datafield tag="952" ind1=" " ind2=" ">
    <subfield code="0">0</subfield>
    <subfield code="1">0</subfield>
    <subfield code="2">udc</subfield>
    <subfield code="4">0</subfield>
    <subfield code="6">6160758_6158250758_&#x10E9;69</subfield>
    <subfield code="7">0</subfield>
    <subfield code="9">99431</subfield>
    <subfield code="a">CPL</subfield>
    <subfield code="b">CPL</subfield>
    <subfield code="c">GEN</subfield>
    <subfield code="d">2024-06-27</subfield>
    <subfield code="g">0.28</subfield>
    <subfield code="o">616(075.8) +615.825(075.8) &#x10E9;-69</subfield>
    <subfield code="p">68378</subfield>
    <subfield code="r">2024-06-27</subfield>
    <subfield code="t">68378</subfield>
    <subfield code="w">2024-06-27</subfield>
    <subfield code="y">&#x1CAC;&#x1C98;&#x1C92;&#x1C9C;&#x1C98;</subfield>
    <subfield code="z">0.28 &#x10D7;.</subfield>
  </datafield>
  <datafield tag="952" ind1=" " ind2=" ">
    <subfield code="0">0</subfield>
    <subfield code="1">0</subfield>
    <subfield code="2">udc</subfield>
    <subfield code="4">0</subfield>
    <subfield code="6">6160758_6158250758_&#x10E9;69</subfield>
    <subfield code="7">0</subfield>
    <subfield code="9">102277</subfield>
    <subfield code="a">CPL</subfield>
    <subfield code="b">CPL</subfield>
    <subfield code="c">GEN</subfield>
    <subfield code="d">2025-03-12</subfield>
    <subfield code="g">0.28</subfield>
    <subfield code="o">616(075.8) +615.825(075.8) &#x10E9;-69</subfield>
    <subfield code="p">70752</subfield>
    <subfield code="r">2025-03-12</subfield>
    <subfield code="t">70752</subfield>
    <subfield code="w">2025-03-12</subfield>
    <subfield code="y">&#x1CAC;&#x1C98;&#x1C92;&#x1C9C;&#x1C98;</subfield>
    <subfield code="z">0.28 T.</subfield>
  </datafield>
</record>
